| 000 | 00374nam a22001457a 4500 | ||
|---|---|---|---|
| 005 | 20170409145157.0 | ||
| 008 | 170409b xxu||||| |||| 00| 0 eng d | ||
| 020 | _a978-81-7035-479-6 | ||
| 041 | _aeng | ||
| 100 |
_aSUMAN, B.C. AND SHARMA, V.P. _93851 |
||
| 245 | _aMUSHROOM CULTIVATION IN INDIA | ||
| 260 |
_aNEW DELHI _bDAYA PUBLISHING _c1955 |
||
| 300 | _a179 | ||
| 942 | _cBK | ||
| 999 |
_c5448 _d5446 |
||